Statistics for Countries by Combination of Official Languages

Click here to take the quiz!

General Stats

  • This quiz has been taken 393 times
  • The average score is 9 of 14

Answer Stats

Country% Correct
Switzerland
93%
Luxembourg
92%
Belgium
91%
Kenya
81%
Tanzania
79%
Uganda
73%
Canada
71%
Sudan
56%
Equatorial Guinea
52%
Cameroon
48%
Rwanda
36%
Eritrea
33%
Seychelles
30%
Vanuatu
24%

Score Distribution

Percentile by Number Answered

Percent of People with Each Score

Your Score History

You have not taken this quiz